| 000 | 01345cam a22002771i 4500 | ||
|---|---|---|---|
| 003 | SA-RiAUC | ||
| 005 | 20250105122836.0 | ||
| 008 | 250105s1981 le g 000r0 ara c | ||
| 040 |
_aSA-RiAUC _bara _cSA-RiAUC _erda |
||
| 082 | 0 | 4 |
_a232.64 _qSA-RiAUC |
| 090 |
_a232.64 _b ا ب ن ع |
||
| 100 | 1 |
_aابن عراق، علي بن محمد بن علي، _d907-963 هجري _eمؤلف. |
|
| 245 | 1 | 0 |
_aتنزيه الشريعة المرفوعة عن الأحاديث الشنيعة الموضوعة / _cلأبي الحسن علي بن محمد بن علي بن عراق الكناني ؛ حققه وراجع أصوله وعلق عليه عبد الوهاب عبد اللطيف، عبد الله محمد الصديق. |
| 250 | _aالطبعة الثانية. | ||
| 264 | 1 |
_aبيروت : _bدار الكتب العلمية، _c1981 |
|
| 300 |
_a2 مجلد ؛ _c24 سم |
||
| 336 |
_aنص _btxt _2rdacontent _3كتاب |
||
| 337 |
_aبدون وسيط _bn _2rdamedia |
||
| 338 |
_aمجلد _bnc _2rdacarrier |
||
| 650 | 7 |
_aالحديث الموضوع _2aucsh |
|
| 650 | 7 |
_aالحديث _xدفع مطاعن _2aucsh |
|
| 700 | 1 |
_aعبد اللطيف، عبد الوهاب _eمحقق. |
|
| 700 | 1 |
_aابن الصديق، عبد الله بن محمد، _d1910-1993 _eمحقق. |
|
| 942 |
_2ddc _cBOOK _n0 |
||
| 949 |
_aSA-JeALM _d250105 _umohamedma123 _n1 |
||
| 999 |
_c4467 _d4467 |
||